[Event "POL-chT3 Slaskie"]
[Site "Poland"]
[Date "2008.05.10"]
[Round "8.25"]
[White "Kunicki, Michal"]
[Black "Pacak, Mateusz"]
[Result "1/2-1/2"]
[WhiteElo "2111"]
[BlackElo "1905"]
[PlyCount "83"]
[EventDate "2008.02.03"]
[EventType "team-swiss"]
[EventRounds "9"]
[EventCountry "POL"]
[SourceTitle "EXT 2019"]
[Source "ChessBase"]
[SourceDate "2018.10.10"]
[SourceVersion "1"]
[SourceVersionDate "2018.10.10"]
[SourceQuality "1"]

1. d4 e6 2. c4 f5 3. g3 Nf6 4. Bg2 Bb4+ 5. Bd2 Qe7 6. Nf3 Ne4 7. 0-0 0-0 8. a3 Bxd2 9. Nbxd2 b6 10. Nxe4 fxe4 11. Nd2 d5 12. Qb3 Nc6 13. Qc3 Bb7 14. cxd5 exd5 15. b4 Nd8 16. Rac1 c6 17. Qb3 Kh8 18. f3 e3 19. Nb1 Ba6 20. Rfe1 Re8 21. Nc3 Bc4 22. Qb2 b5 23. Nd1 a5 24. bxa5 Rxa5 25. Rc3 Qa7 26. Rxe3 Rxe3 27. Nxe3 Rxa3 28. Nxc4 bxc4 29. e3 g6 30. Qb4 Kg7 31. Qd6 c3 32. Qe5+ Kg8 33. Qe8+ Kg7 34. Qxd8 c2 35. Qd6 Rxe3 36. Rf1 Qxd4 37. Kh1 Qc3 38. Qc7+ Kg8 39. Qd8+ Kf7 40. Qc7+ Kg8 41. Qd8+ Kg7 42. Qc7+ 1/2-1/2

[Event "POL-chT3 Slaskie"]
[Site "Poland"]
[Date "2008.02.19"]
[Round "3.1"]
[White "Kunicki, Michal"]
[Black "Olbrich, Roman"]
[Result "0-1"]
[WhiteElo "2111"]
[BlackElo "1842"]
[PlyCount "78"]
[EventDate "2008.02.03"]
[EventType "team-swiss"]
[EventRounds "9"]
[EventCountry "POL"]
[SourceTitle "EXT 2019"]
[Source "ChessBase"]
[SourceDate "2018.10.10"]
[SourceVersion "1"]
[SourceVersionDate "2018.10.10"]
[SourceQuality "1"]

1. d4 d5 2. c4 e6 3. Nc3 Nf6 4. cxd5 exd5 5. Bg5 Be7 6. Qc2 c6 7. e3 Bg4 8. Bd3 Nbd7 9. f3 Be6 10. Nge2 h6 11. Bh4 Nb6 12. b3 Nc8 13. 0-0 0-0 14. Na4 Nd7 15. Bg3 Bd6 16. Nc5 Rb8 17. Rad1 Bxg3 18. Nxg3 Nd6 19. f4 Bg4 20. Rde1 b6 21. Na6 Rc8 22. h3 Qh4 23. Qf2 Nf6 24. f5 Bxh3 25. gxh3 Qxh3 26. Qg2 Qg4 27. Rf4 Qg5 28. Ne2 Qxg2+ 29. Kxg2 Rfe8 30. Ng3 c5 31. Kf3 c4 32. Bc2 b5 33. Nc5 a5 34. Rh4 b4 35. Nh5 Nh7 36. Rg1 Ng5+ 37. Ke2 Nb5 38. bxc4 dxc4 39. Kd2 Nf3+ 0-1

[Event "Rewal op-A 12th"]
[Site "Rewal"]
[Date "2007.08.29"]
[Round "9"]
[White "Kunicki, Michal"]
[Black "Stoma, Pawel"]
[Result "0-1"]
[WhiteElo "2120"]
[BlackElo "2233"]
[PlyCount "36"]
[EventDate "2007.08.20"]
[EventType "swiss"]
[EventRounds "9"]
[EventCountry "POL"]
[SourceTitle "CBM 120 Extra"]
[Source "ChessBase"]
[SourceDate "2007.11.01"]
[SourceVersion "1"]
[SourceVersionDate "2007.11.01"]
[SourceQuality "1"]

1. d4 d5 2. c4 Nc6 3. Nc3 e5 4. cxd5 Nxd4 5. e3 Nf5 6. Nf3 Bd6 7. e4 Nfe7 8. Nd2 a6 9. a4 f5 10. f3 Nf6 11. Be2 0-0 12. 0-0 Bc5+ 13. Kh1 Ng6 14. Nc4 f4 15. Bd3 Nh5 16. Ne2 Qg5 17. Qe1 Nh4 18. g3 Bh3 0-1

[Event "Rewal op-A 12th"]
[Site "Rewal"]
[Date "2007.08.28"]
[Round "8"]
[White "Smirnov, Aleksander"]
[Black "Kunicki, Michal"]
[Result "0-1"]
[WhiteElo "2247"]
[BlackElo "2120"]
[PlyCount "86"]
[EventDate "2007.08.20"]
[EventType "swiss"]
[EventRounds "9"]
[EventCountry "POL"]
[SourceTitle "CBM 120 Extra"]
[Source "ChessBase"]
[SourceDate "2007.11.01"]
[SourceVersion "1"]
[SourceVersionDate "2007.11.01"]
[SourceQuality "1"]

1. e4 c5 2. Nf3 e6 3. c3 d5 4. exd5 Qxd5 5. d4 Nf6 6. Be3 cxd4 7. cxd4 Nc6 8. Nc3 Qd6 9. a3 Be7 10. Bd3 0-0 11. 0-0 Rd8 12. Qc2 h6 13. Rad1 Bd7 14. Bc4 Rac8 15. Ba2 Bf8 16. Bb1 Ne7 17. Ne5 Ned5 18. Bd2 Be8 19. Qd3 g6 20. Rfe1 Bg7 21. Qh3 Nxc3 22. Bxc3 Qb6 23. b4 Nd5 24. Ba1 a5 25. bxa5 Qxa5 26. Rc1 Rxc1 27. Rxc1 Qd2 28. Rf1 Nf4 29. Qe3 Ne2+ 30. Kh1 Qxe3 31. fxe3 Bxe5 32. dxe5 Bc6 33. e4 Rd2 34. Re1 g5 35. g3 Bb5 36. g4 Kg7 37. Kg2 Nf4+ 38. Kh1 Be2 39. Rc1 Bf3+ 40. Kg1 Ne2+ 41. Kf2 Nxc1+ 42. Kxf3 Nb3 43. Ke3 Rxh2 0-1

[Event "Rewal op-A 12th"]
[Site "Rewal"]
[Date "2007.08.25"]
[Round "5"]
[White "Kunicki, Michal"]
[Black "Krasnodebska, Magdalena"]
[Result "1/2-1/2"]
[WhiteElo "2120"]
[BlackElo "1992"]
[PlyCount "71"]
[EventDate "2007.08.20"]
[EventType "swiss"]
[EventRounds "9"]
[EventCountry "POL"]
[SourceTitle "CBM 120 Extra"]
[Source "ChessBase"]
[SourceDate "2007.11.01"]
[SourceVersion "1"]
[SourceVersionDate "2007.11.01"]
[SourceQuality "1"]

1. d4 Nf6 2. c4 e6 3. Nc3 Bb4 4. f3 d5 5. a3 Bxc3+ 6. bxc3 c6 7. cxd5 cxd5 8. e3 0-0 9. Bd3 b6 10. Ne2 Ba6 11. 0-0 Bxd3 12. Qxd3 Nc6 13. e4 h6 14. Ng3 e5 15. Nf5 Re8 16. Be3 exd4 17. cxd4 dxe4 18. fxe4 Nxe4 19. Bxh6 g6 20. Ng7 Re7 21. d5 Qd7 22. Rad1 Rd8 23. Qf3 Na5 24. Rfe1 Nd6 25. Qf6 Rxe1+ 26. Rxe1 Kh7 27. Re7 Qg4 28. Ne6 Qd1+ 29. Qf1 Qxf1+ 30. Kxf1 Re8 31. Bf8 Rxe7 32. Ng5+ Kg8 33. Bxe7 Nf5 34. Bb4 Ne3+ 35. Ke2 Nxd5 36. Bxa5 1/2-1/2

[Event "Rewal op-A 12th"]
[Site "Rewal"]
[Date "2007.08.24"]
[Round "4"]
[White "Szymanski, Andrzej"]
[Black "Kunicki, Michal"]
[Result "1-0"]
[WhiteElo "2251"]
[BlackElo "2120"]
[PlyCount "53"]
[EventDate "2007.08.20"]
[EventType "swiss"]
[EventRounds "9"]
[EventCountry "POL"]
[SourceTitle "CBM 120 Extra"]
[Source "ChessBase"]
[SourceDate "2007.11.01"]
[SourceVersion "1"]
[SourceVersionDate "2007.11.01"]
[SourceQuality "1"]

1. d4 Nf6 2. c4 e6 3. Nc3 Bb4 4. e3 0-0 5. Bd3 c5 6. Nf3 d5 7. 0-0 cxd4 8. exd4 dxc4 9. Bxc4 b6 10. Qe2 Bb7 11. Rd1 Bxc3 12. bxc3 Nd5 13. Bg5 Qc7 14. Rac1 Nd7 15. Bb3 Rac8 16. c4 Nf4 17. Qe3 Ng6 18. h4 Nf6 19. Bxf6 gxf6 20. h5 Nf4 21. Bc2 f5 22. g3 Nxh5 23. Qg5+ Ng7 24. d5 Kh8 25. Qh6 f6 26. Rd4 Ne8 27. Qxf8# 1-0

[Event "Rewal op-A 12th"]
[Site "Rewal"]
[Date "2007.08.23"]
[Round "3"]
[White "Kunicki, Michal"]
[Black "Kielar, Maciej"]
[Result "1/2-1/2"]
[WhiteElo "2120"]
[BlackElo "1976"]
[PlyCount "50"]
[EventDate "2007.08.20"]
[EventType "swiss"]
[EventRounds "9"]
[EventCountry "POL"]
[SourceTitle "CBM 120 Extra"]
[Source "ChessBase"]
[SourceDate "2007.11.01"]
[SourceVersion "1"]
[SourceVersionDate "2007.11.01"]
[SourceQuality "1"]

1. d4 Nf6 2. c4 g6 3. Nc3 Bg7 4. e4 d6 5. f3 0-0 6. Bg5 c5 7. d5 e6 8. Nge2 exd5 9. Nxd5 Nc6 10. Nec3 Be6 11. Be2 Bxd5 12. Nxd5 Qa5+ 13. Qd2 Qxd2+ 14. Kxd2 Nxd5 15. cxd5 Na5 16. Be7 Bxb2 17. Bxf8 Kxf8 18. Rab1 Be5 19. Rb5 b6 20. g4 Bf4+ 21. Kc2 Rc8 22. h4 h6 23. h5 g5 24. Rhb1 Rc7 25. Kc3 Be5+ 1/2-1/2

[Event "Rewal op 11th"]
[Site "Rewal"]
[Date "2006.08.29"]
[Round "11"]
[White "Zgadzaj, Rafal"]
[Black "Kunicki, Michal"]
[Result "1/2-1/2"]
[WhiteElo "2197"]
[BlackElo "2120"]
[PlyCount "45"]
[EventDate "2006.08.21"]
[EventType "swiss"]
[EventRounds "11"]
[EventCountry "POL"]
[SourceTitle "EXT 2010"]
[Source "ChessBase"]
[SourceDate "2010.11.25"]
[SourceVersion "1"]
[SourceVersionDate "2010.11.25"]
[SourceQuality "1"]

1. Nf3 Nf6 2. g3 d5 3. Bg2 c5 4. d4 e6 5. c4 cxd4 6. Nxd4 Bc5 7. cxd5 Qb6 8. e3 Bxd4 9. exd4 Nxd5 10. Nc3 Nf6 11. 0-0 0-0 12. Bg5 Nbd7 13. Qd2 h6 14. Bf4 Rd8 15. Rfd1 Nf8 16. Rac1 Bd7 17. Be3 Qa6 18. b4 Rac8 19. Qb2 b5 20. Ne4 Nxe4 21. Bxe4 Bc6 22. Bd3 Qb7 23. Bf1 1/2-1/2

[Event "Rewal op 11th"]
[Site "Rewal"]
[Date "2006.08.27"]
[Round "9"]
[White "Czachor, Grzegorz"]
[Black "Kunicki, Michal"]
[Result "0-1"]
[WhiteElo "1991"]
[BlackElo "2120"]
[PlyCount "98"]
[EventDate "2006.08.21"]
[EventType "swiss"]
[EventRounds "11"]
[EventCountry "POL"]
[SourceTitle "EXT 2010"]
[Source "ChessBase"]
[SourceDate "2010.11.25"]
[SourceVersion "1"]
[SourceVersionDate "2010.11.25"]
[SourceQuality "1"]

1. Nf3 e6 2. c4 Nf6 3. Nc3 b6 4. g3 Bb7 5. Bg2 Be7 6. 0-0 0-0 7. d4 Ne4 8. Bf4 d6 9. Qc2 Nxc3 10. bxc3 f5 11. h4 h6 12. Qc1 Bf6 13. Re1 Qe7 14. Bd2 Nd7 15. Nh2 Bxg2 16. Kxg2 e5 17. e4 f4 18. Ng4 f3+ 19. Kxf3 exd4 20. Kg2 Ne5 21. Nxe5 Qxe5 22. f4 Qc5 23. cxd4 Bxd4 24. Be3 Bxe3 25. Qxe3 Qxc4 26. Qb3 Qxb3 27. axb3 a5 28. Kf3 Rfe8 29. g4 b5 30. g5 h5 31. Red1 a4 32. bxa4 Rxa4 33. Rxa4 bxa4 34. Ra1 Ra8 35. Ra3 Kf7 36. f5 Ra5 37. Ke3 Ke7 38. Kd4 c6 39. Kc3 Rc5+ 40. Kd4 Ra5 41. Kc3 Kd7 42. Kb4 Re5 43. Rxa4 Rxe4+ 44. Kb3 Rxa4 45. Kxa4 d5 46. Kb4 Kd6 47. Kc3 Ke5 48. Kd3 Kxf5 49. Kd4 g6 0-1

[Event "Rewal op 11th"]
[Site "Rewal"]
[Date "2006.08.26"]
[Round "7"]
[White "Ciesla, Konrad"]
[Black "Kunicki, Michal"]
[Result "0-1"]
[WhiteElo "2022"]
[BlackElo "2120"]
[PlyCount "108"]
[EventDate "2006.08.21"]
[EventType "swiss"]
[EventRounds "11"]
[EventCountry "POL"]
[SourceTitle "EXT 2010"]
[Source "ChessBase"]
[SourceDate "2010.11.25"]
[SourceVersion "1"]
[SourceVersionDate "2010.11.25"]
[SourceQuality "1"]

1. e4 c5 2. f4 e6 3. Nf3 d5 4. Bb5+ Nc6 5. exd5 exd5 6. Ne5 Qc7 7. c4 d4 8. Qf3 Bd7 9. 0-0 Nf6 10. Nxd7 Qxd7 11. d3 0-0-0 12. a3 a6 13. Bxc6 Qxc6 14. Nd2 g6 15. Qxc6+ bxc6 16. Nf3 Bd6 17. Ne5 Bxe5 18. fxe5 Ng4 19. Bf4 Ne3 20. Rf3 Rhe8 21. Bxe3 dxe3 22. Rxe3 f6 23. e6 Re7 24. Rf1 f5 25. b4 Rde8 26. Rfe1 cxb4 27. axb4 Kc7 28. d4 Kd6 29. Ra1 Rxe6 30. Rxe6+ Rxe6 31. Rxa6 Re1+ 32. Kf2 Rc1 33. d5 Rxc4 34. Rxc6+ Kxd5 35. Rb6 Ke4 36. Rb8 Rc2+ 37. Kg3 f4+ 38. Kh3 h5 39. Re8+ Kf5 40. Rf8+ Kg5 41. g3 fxg3 42. Kxg3 h4+ 43. Kh3 Rb2 44. Rb8 Rb3+ 45. Kg2 h3+ 46. Kf2 Kg4 47. b5 Rb2+ 48. Kg1 Rb1+ 49. Kf2 Rh1 50. b6 Rxh2+ 51. Ke3 Rb2 52. b7 g5 53. Ke4 h2 54. Rh8 Kg3 0-1

[Event "Rewal op 11th"]
[Site "Rewal"]
[Date "2006.08.23"]
[Round "4"]
[White "Kunicki, Michal"]
[Black "Motyka, Michal"]
[Result "0-1"]
[WhiteElo "2120"]
[BlackElo "2345"]
[PlyCount "66"]
[EventDate "2006.08.21"]
[EventType "swiss"]
[EventRounds "11"]
[EventCountry "POL"]
[SourceTitle "EXT 2010"]
[Source "ChessBase"]
[SourceDate "2010.11.25"]
[SourceVersion "1"]
[SourceVersionDate "2010.11.25"]
[SourceQuality "1"]

1. d4 Nf6 2. c4 e6 3. Nc3 d5 4. cxd5 exd5 5. Bg5 Be7 6. Qc2 0-0 7. e3 c6 8. Bd3 Nbd7 9. Nf3 Re8 10. 0-0 g6 11. a3 Nh5 12. Bxe7 Qxe7 13. b4 a6 14. Na4 Ng7 15. Nc5 Nb6 16. a4 Bf5 17. b5 cxb5 18. axb5 a5 19. Rfc1 Rec8 20. Qb3 a4 21. Qd1 Bxd3 22. Qxd3 Nf5 23. Nd2 Nd6 24. Rcb1 Ra7 25. Rb4 Rca8 26. Ra3 Ra5 27. f3 Qe8 28. e4 Rxb5 29. Rxb5 Qxb5 30. Qc2 Qc6 31. Qd3 dxe4 32. fxe4 Nb5 33. Ra1 Rd8 0-1

[Event "Rewal op 11th"]
[Site "Rewal"]
[Date "2006.08.21"]
[Round "1"]
[White "Mackiewicz, Piotr"]
[Black "Kunicki, Michal"]
[Result "1/2-1/2"]
[WhiteElo "1777"]
[BlackElo "2120"]
[PlyCount "68"]
[EventDate "2006.08.21"]
[EventType "swiss"]
[EventRounds "11"]
[EventCountry "POL"]
[SourceTitle "EXT 2010"]
[Source "ChessBase"]
[SourceDate "2010.11.25"]
[SourceVersion "1"]
[SourceVersionDate "2010.11.25"]
[SourceQuality "1"]

1. d4 Nf6 2. c4 e6 3. Nc3 Bb4 4. Qc2 c5 5. Nf3 0-0 6. Bg5 cxd4 7. Nxd4 Nc6 8. e3 b6 9. Bd3 h6 10. Nxc6 dxc6 11. Rd1 Qe7 12. Bh4 Bb7 13. 0-0 Bxc3 14. Qxc3 c5 15. Bxf6 gxf6 16. Qc2 f5 17. e4 f4 18. e5 Kh8 19. Be4 Rg8 20. f3 Rg5 21. Bxb7 Qxb7 22. Qe4 Qxe4 23. fxe4 Rag8 24. Rd2 Rg4 25. h3 Rh4 26. Rf3 Rg5 27. Rdf2 Rxe5 28. Rxf4 Rxf4 29. Rxf4 Kg7 30. Kf2 Rg5 31. Kf3 e5 32. Rf5 Kg6 33. Rxg5+ Kxg5 34. g4 Kh4 1/2-1/2

[Event "POL-ch U18"]
[Site "Krynica"]
[Date "2003.??.??"]
[Round "5"]
[White "Bartel, Mateusz"]
[Black "Kunicki, Michal"]
[Result "1-0"]
[WhiteElo "2445"]
[BlackElo "2120"]
[PlyCount "73"]
[EventDate "2003.??.??"]
[EventType "swiss"]
[EventRounds "11"]
[EventCountry "POL"]
[SourceTitle "EXT 2007"]
[Source "ChessBase"]
[SourceDate "2006.11.23"]
[SourceVersion "1"]
[SourceVersionDate "2006.11.23"]
[SourceQuality "1"]

1. e4 c5 2. Nf3 e6 3. d4 cxd4 4. Nxd4 a6 5. Bd3 Qc7 6. 0-0 Nf6 7. Nc3 b5 8. Kh1 Bb7 9. Qe2 Nc6 10. Nxc6 dxc6 11. e5 Nd5 12. Nxd5 cxd5 13. c3 Bc6 14. f4 g6 15. Be3 Be7 16. Bd4 h5 17. b4 Qb7 18. g3 Bd8 19. Qf2 Rb8 20. Kg1 Bb6 21. h3 Bd7 22. Rfc1 Ke7 23. Kf1 Rhc8 24. g4 hxg4 25. Qh4+ Ke8 26. hxg4 Bxd4 27. Qh8+ Ke7 28. Qf6+ Ke8 29. cxd4 Rxc1+ 30. Rxc1 Rc8 31. Rd1 Qc7 32. Ke2 Qd8 33. Rh1 Qxf6 34. exf6 Kd8 35. Bxg6 fxg6 36. Rh8+ Be8 37. f7 1-0

[Event "POL-ch U18"]
[Site "Krynica"]
[Date "2003.??.??"]
[Round "8"]
[White "Kunicki, Michal"]
[Black "Plicner, Adam"]
[Result "1-0"]
[WhiteElo "2120"]
[BlackElo "1985"]
[PlyCount "55"]
[EventDate "2003.??.??"]
[EventType "swiss"]
[EventRounds "11"]
[EventCountry "POL"]
[SourceTitle "EXT 2007"]
[Source "ChessBase"]
[SourceDate "2006.11.23"]
[SourceVersion "1"]
[SourceVersionDate "2006.11.23"]
[SourceQuality "1"]

1. d4 Nf6 2. c4 c5 3. d5 e6 4. Nc3 exd5 5. cxd5 d6 6. e4 g6 7. f4 Bg7 8. Bb5+ Nfd7 9. a4 0-0 10. Nf3 Na6 11. 0-0 Nc7 12. Bc4 Re8 13. e5 Nb6 14. Ba2 Bg4 15. h3 Bxf3 16. Qxf3 Nc8 17. Ne4 b6 18. Bd2 Rf8 19. Bc3 Ne8 20. f5 Bxe5 21. f6 a6 22. Qe3 Ne7 23. Bxe5 Nf5 24. Rxf5 gxf5 25. Qg5+ Kh8 26. Nxd6 Qd7 27. Nxe8 Rg8 28. Qg7+ 1-0

[Event "POL-ch U18"]
[Site "Krynica"]
[Date "2003.??.??"]
[Round "2"]
[White "Kunicki, Michal"]
[Black "Sypien, Mateusz"]
[Result "1/2-1/2"]
[WhiteElo "2120"]
[BlackElo "2190"]
[PlyCount "56"]
[EventDate "2003.??.??"]
[EventType "swiss"]
[EventRounds "11"]
[EventCountry "POL"]
[SourceTitle "EXT 2007"]
[Source "ChessBase"]
[SourceDate "2006.11.23"]
[SourceVersion "1"]
[SourceVersionDate "2006.11.23"]
[SourceQuality "1"]

1. d4 Nf6 2. c4 g6 3. Nc3 Bg7 4. e4 d6 5. f3 0-0 6. Bg5 h6 7. Be3 Nc6 8. Qd2 Kh7 9. 0-0-0 e5 10. d5 Ne7 11. Bd3 Nfg8 12. Nge2 f5 13. exf5 Nxf5 14. Bf2 a6 15. Kb1 b5 16. h4 bxc4 17. Bxc4 Nfe7 18. Ng3 Nf6 19. Nce4 Nxe4 20. fxe4 Bg4 21. Rc1 Qb8 22. Be3 Ng8 23. Bb3 h5 24. Qc3 Rf7 25. Rhf1 Bf6 26. Bg5 Kg7 27. Bxf6+ Nxf6 28. Rf2 Qb6 1/2-1/2

[Event "POL-chT U19 33rd"]
[Site "Laczna"]
[Date "2002.07.22"]
[Round "10"]
[White "Wojtaszek, Radoslaw"]
[Black "Kunicki, Michal"]
[Result "1-0"]
[WhiteElo "2449"]
[BlackElo "2147"]
[PlyCount "93"]
[EventDate "2002.07.15"]
[EventType "team-tourn"]
[EventRounds "11"]
[EventCountry "POL"]
[SourceTitle "CBM 089 Extra"]
[Source "ChessBase"]
[SourceDate "2002.09.10"]
[SourceVersion "2"]
[SourceVersionDate "2002.09.10"]
[SourceQuality "1"]
[WhiteTeam "Plock PTSz U19"]
[BlackTeam "Gliwice Politechnika Slaska U19"]
[WhiteTeamCountry "POL"]
[BlackTeamCountry "POL"]

1. d4 Nf6 2. c4 e6 3. g3 Bb4+ 4. Bd2 Qe7 5. Bg2 0-0 6. Nf3 Bxd2+ 7. Nbxd2 d6 8. Nf1 Nbd7 9. Ne3 d5 10. 0-0 dxc4 11. Nxc4 Nb6 12. Rc1 Rd8 13. Nce5 Ne8 14. Qc2 f6 15. Nd3 Nd5 16. a3 c6 17. Rfd1 Nd6 18. Nc5 b6 19. Nd3 Bb7 20. Re1 Nb5 21. a4 Nbc7 22. Qb3 Qd7 23. h4 Ne7 24. Red1 Rab8 25. Qc2 Nf5 26. e3 Qd6 27. b4 Nd5 28. Qd2 Ba6 29. Nfe1 Nfxe3 30. fxe3 Qxg3 31. Qf2 Qxe3 32. Rxc6 Qxf2+ 33. Kxf2 Kf7 34. Bxd5 Rxd5 35. Rc7+ Kf8 36. Nf4 Rd6 37. Rxa7 Bb7 38. Rc1 e5 39. dxe5 fxe5 40. Rc7 exf4 41. Raxb7 Rxb7 42. Rxb7 Rd2+ 43. Kf3 Ra2 44. Kxf4 Rxa4 45. Rxb6 Ra1 46. Nf3 h6 47. Rb7 1-0

[Event "Polanica Zdroj op"]
[Site "Polanica Zdroj"]
[Date "2001.08.25"]
[Round "10"]
[White "Noga, Jozef"]
[Black "Kunicki, Michal"]
[Result "0-1"]
[WhiteElo "2135"]
[BlackElo "2026"]
[PlyCount "40"]
[EventDate "2001.08.16"]
[EventType "swiss"]
[EventRounds "10"]
[EventCountry "POL"]
[SourceTitle "EXT 2002"]
[Source "ChessBase"]
[SourceDate "2001.11.25"]
[SourceVersion "1"]
[SourceVersionDate "2001.11.25"]
[SourceQuality "1"]

1. Nf3 Nf6 2. c4 e6 3. g3 b6 4. Bg2 Bb7 5. 0-0 Be7 6. Nc3 0-0 7. d4 Ne4 8. Nxe4 Bxe4 9. Ne1 Bxg2 10. Nxg2 d5 11. b3 dxc4 12. bxc4 Bf6 13. Bb2 c5 14. e3 Nc6 15. Qf3 Rc8 16. Nf4 cxd4 17. Nh5 Be5 18. Rad1 d3 19. Ba3 Re8 20. Qe4 d2 0-1

[Event "Polanica Zdroj op"]
[Site "Polanica Zdroj"]
[Date "2001.08.23"]
[Round "8"]
[White "Kunicki, Michal"]
[Black "Zawadzka, Jolanta"]
[Result "0-1"]
[WhiteElo "2026"]
[BlackElo "2064"]
[PlyCount "40"]
[EventDate "2001.08.16"]
[EventType "swiss"]
[EventRounds "10"]
[EventCountry "POL"]
[SourceTitle "EXT 2002"]
[Source "ChessBase"]
[SourceDate "2001.11.25"]
[SourceVersion "1"]
[SourceVersionDate "2001.11.25"]
[SourceQuality "1"]

1. d4 Nf6 2. c4 g6 3. Nc3 Bg7 4. e4 d6 5. f3 0-0 6. Bg5 c5 7. d5 a6 8. a4 h6 9. Be3 e6 10. Qd2 exd5 11. cxd5 Re8 12. Be2 Nbd7 13. Nh3 Ne5 14. Nf2 Kh7 15. 0-0 Rb8 16. Rab1 Qa5 17. b4 cxb4 18. Na2 Qxa4 19. Rxb4 Qd7 20. Bb6 Qe7 0-1

[Event "Polanica Zdroj op"]
[Site "Polanica Zdroj"]
[Date "2001.08.21"]
[Round "6"]
[White "Kunicki, Michal"]
[Black "Zawadzki, Stanislaw"]
[Result "0-1"]
[WhiteElo "2026"]
[BlackElo "2311"]
[PlyCount "78"]
[EventDate "2001.08.16"]
[EventType "swiss"]
[EventRounds "10"]
[EventCountry "POL"]
[SourceTitle "EXT 2002"]
[Source "ChessBase"]
[SourceDate "2001.11.25"]
[SourceVersion "1"]
[SourceVersionDate "2001.11.25"]
[SourceQuality "1"]

1. d4 Nf6 2. c4 c5 3. d5 d6 4. Nc3 g6 5. e4 Bg7 6. f3 0-0 7. Bg5 e6 8. Qd2 exd5 9. Nxd5 Be6 10. Bd3 Bxd5 11. exd5 Nbd7 12. Ne2 Ne5 13. 0-0 Re8 14. f4 Nxd3 15. Qxd3 Qb6 16. Bxf6 Bxf6 17. f5 Qxb2 18. fxg6 hxg6 19. Rab1 Qxe2 20. Qxe2 Bd4+ 21. Qf2 Bxf2+ 22. Rxf2 Re7 23. Rf6 Rd8 24. h4 Kg7 25. Rbf1 Rdd7 26. h5 gxh5 27. R6f5 Re4 28. Rxh5 Rxc4 29. Rf3 Rg4 30. Rfh3 Rg6 31. Rh7+ Kf8 32. Re3 Rg5 33. Rh8+ Kg7 34. Ree8 Re5 35. Reg8+ Kf6 36. Rh6+ Ke7 37. Rhh8 Rc7 38. g4 c4 39. g5 c3 0-1

[Event "Polanica Zdroj op"]
[Site "Polanica Zdroj"]
[Date "2001.08.16"]
[Round "1"]
[White "Jaracz, Barbara"]
[Black "Kunicki, Michal"]
[Result "1-0"]
[WhiteElo "2253"]
[BlackElo "2026"]
[PlyCount "40"]
[EventDate "2001.08.16"]
[EventType "swiss"]
[EventRounds "10"]
[EventCountry "POL"]
[SourceTitle "EXT 2002"]
[Source "ChessBase"]
[SourceDate "2001.11.25"]
[SourceVersion "1"]
[SourceVersionDate "2001.11.25"]
[SourceQuality "1"]

1. e4 c5 2. Nf3 e6 3. d4 cxd4 4. Nxd4 Nf6 5. Nc3 Nc6 6. Be2 Bb4 7. 0-0 Bxc3 8. bxc3 Nxe4 9. Bd3 Nxc3 10. Qg4 Qf6 11. Nxc6 dxc6 12. Bg5 Qe5 13. Rfe1 h5 14. Qh4 Qd6 15. Bf4 Qd4 16. Qg5 Qf6 17. Qg3 h4 18. Qg4 Qd4 19. Qf3 Qd5 20. Qh3 Kf8 1-0

[Event "POL-ch U16"]
[Site "Zakopane"]
[Date "2001.01.17"]
[Round "2"]
[White "Klimaszewski, Dariusz"]
[Black "Kunicki, Michal"]
[Result "1-0"]
[WhiteElo "2168"]
[BlackElo "2020"]
[PlyCount "105"]
[EventDate "2001.01.16"]
[EventType "swiss"]
[EventRounds "11"]
[EventCountry "POL"]
[SourceTitle "EXT 2002"]
[Source "ChessBase"]
[SourceDate "2001.11.25"]
[SourceVersion "1"]
[SourceVersionDate "2001.11.25"]
[SourceQuality "1"]

1. e4 c5 2. Nf3 e6 3. d4 cxd4 4. Nxd4 Nc6 5. Nc3 Qc7 6. Be2 a6 7. 0-0 b5 8. Be3 Bb7 9. a3 Nf6 10. Kh1 Ne5 11. f4 Nc4 12. Bxc4 Qxc4 13. Qd3 Qxd3 14. cxd3 d5 15. e5 Ng4 16. Bg1 g6 17. Nb3 Rc8 18. Rac1 Kd7 19. Ne2 Be7 20. Nc5+ Bxc5 21. Bxc5 h5 22. h3 Nh6 23. Nd4 Nf5 24. Nxf5 gxf5 25. d4 Rhg8 26. Rf3 Bc6 27. Kh2 Rg6 28. Rc2 Rcg8 29. Rfc3 Rc8 30. Bb4 Rgg8 31. Rc5 Rg6 32. Be1 Rgg8 33. b4 Rg6 34. Bh4 Rg7 35. Bg5 Rh7 36. Kg3 Rg7 37. Kh4 Rh7 38. R5c3 Bb7 39. Rxc8 Bxc8 40. Bf6 Bb7 41. Rc3 Bc6 42. Rg3 Ke8 43. Rg8+ Kd7 44. Rg7 Rxg7 45. Bxg7 Ke7 46. Bf6+ Kf8 47. Kxh5 Kg8 48. Kg5 Kh7 49. h4 Bd7 50. h5 Be8 51. h6 Kg8 52. Bg7 Bc6 53. Kf6 1-0

[Event "POL-ch U16"]
[Site "Wisla"]
[Date "2000.??.??"]
[Round "10"]
[White "Flasinski, Michal"]
[Black "Kunicki, Michal"]
[Result "1/2-1/2"]
[WhiteElo "2092"]
[BlackElo "2000"]
[PlyCount "65"]
[EventDate "2000.02.26"]
[EventType "swiss"]
[EventRounds "10"]
[EventCountry "POL"]
[SourceTitle "EXT 2005"]
[Source "ChessBase"]
[SourceDate "2004.11.15"]
[SourceVersion "1"]
[SourceVersionDate "2004.11.15"]
[SourceQuality "1"]

1. e4 e6 2. d4 c5 3. d5 exd5 4. exd5 d6 5. Nc3 Nf6 6. Nf3 Be7 7. Bd3 0-0 8. 0-0 b6 9. Re1 Re8 10. h3 a6 11. a4 Nbd7 12. Bf4 Bb7 13. Qd2 Qc7 14. Rad1 Nf8 15. Bf1 Ng6 16. Bh2 Qd7 17. Qd3 Bf8 18. Nd2 Rxe1 19. Rxe1 Ne7 20. Nc4 Nexd5 21. Ne4 Nxe4 22. Qxe4 Qxa4 23. Bd3 g6 24. Nxd6 Qxe4 25. Bxe4 Bxd6 26. Bxd6 Re8 27. Kf1 Ne3+ 28. Rxe3 Rxe4 29. Rxe4 Bxe4 30. c3 f5 31. f4 Kf7 32. Bc7 b5 33. Bd6 1/2-1/2

[Event "POL-ch U16"]
[Site "Wisla"]
[Date "2000.??.??"]
[Round "6"]
[White "Jezierski, Dominik"]
[Black "Kunicki, Michal"]
[Result "0-1"]
[WhiteElo "1800"]
[BlackElo "2000"]
[PlyCount "87"]
[EventDate "2000.02.26"]
[EventType "swiss"]
[EventRounds "10"]
[EventCountry "POL"]
[SourceTitle "EXT 2005"]
[Source "ChessBase"]
[SourceDate "2004.11.15"]
[SourceVersion "1"]
[SourceVersionDate "2004.11.15"]
[SourceQuality "1"]

1. Nf3 c5 2. g3 d5 3. Bg2 Nc6 4. 0-0 e5 5. d3 f6 6. Nbd2 Bg4 7. h3 Be6 8. e4 d4 9. b3 Qd7 10. a3 Nh6 11. Re1 Nf7 12. Nc4 Bxh3 13. Bd2 h5 14. Nh4 g5 15. Ng6 Rh7 16. b4 b5 17. Na5 Nxa5 18. bxa5 Bd6 19. Qf3 Be7 20. Bxh3 Qxh3 21. Nxe7 Kxe7 22. Qg2 Qd7 23. Kf1 c4 24. Bb4+ Ke8 25. Qf3 Qe6 26. a4 bxa4 27. Kg2 g4 28. Qe2 cxd3 29. Qxd3 Ng5 30. c3 dxc3 31. Qxc3 Rc8 32. Qa3 Qb3 33. Qxa4+ Qxa4 34. Rxa4 Rc4 35. Rea1 Nxe4 36. Be1 Rhc7 37. Rxc4 Rxc4 38. Rb1 Nd6 39. Bd2 Kf7 40. Be3 Rc7 41. Rb8 Nc4 42. Rb3 Nxa5 43. Rb1 Nc4 44. Bc1 0-1